|
|
|
|
| LEADER |
00985nam a2200241 a 4500 |
| 001 |
00025192 |
| 008 |
120603r20122002enka j 000 1 eng |
| 020 |
|
|
|a 9780194247597
|
| 040 |
|
|
|a BD-DhAAL
|c BD-DhAAL
|
| 082 |
0 |
4 |
|a 428.6
|2 22
|
| 100 |
1 |
|
|a Doyle, Sir Arthur Conan
|
| 245 |
1 |
0 |
|a Sherlock Holmes: The blue Diamond /
|c Sir Arthur Conan Doyle ;Text adaptation by Bill Bowler ;Illustrated by Susan Scott
|
| 260 |
|
|
|a Oxford :
|b Oxford University Press,
|c c2010.[reprinted 2012]
|
| 300 |
|
|
|a 51 p. :
|b col. ill. ;
|c 21cm.
|
| 440 |
0 |
|
|a Dominoes ;
|v One
|
| 541 |
1 |
|
|e 00025192
|
| 650 |
|
0 |
|a Detective and mystery stories, English
|v Fiction.
|
| 650 |
|
0 |
|a Readers
|
| 700 |
1 |
|
|a Bowler, Bill
|
| 700 |
1 |
|
|a Scott, Susan
|
| 852 |
1 |
|
|a Ayesha Abed library
|c General Shelf
|
| 999 |
|
|
|c 12339
|d 12339
|
| 952 |
|
|
|0 0
|1 0
|2 ddc
|4 0
|6 428_600000000000000_DOY
|7 0
|9 20390
|a BRACUL
|b BRACUL
|c GEN
|d 2012-06-04
|l 8
|m 32
|o 428.6 DOY
|p 3010025192
|r 2026-01-07
|s 2025-12-29
|t 1
|w 2012-06-04
|y BK
|x Transferred from BIL to BRACUL on 06/06/22
|